000 00627nam a2200145Ia 4500
008 151213s9999 xx 000 0 und d
100 _aসঞ্জীবচন্দ্র চট্টোপাধ্যায়।
245 _aপালামেী।
_cসঞ্জীবচন্দ্র চট্টোপাধ্যায়।
260 _aঢাকা।
_bবিশ্বসাহিত্য কেন্দ্র।
_c1991
300 _a9287 p.
650 _aBangla
650 _aউপন্যাস
700 _aসঞ্জীবচন্দ্র চট্টোপাধ্যায়।
999 _c4753
_d4753